000 00290nam a22001337a 4500
020 _a978-93-82776-43-7
082 _a823
_bSAS/F
100 _aSASI, MADAVOOR
245 _aTHE FOOLISH LION
260 _aTHRISSUR
_bH&C
300 _a48
650 _aENGLISH SHORT STORY
_zKERALA
942 _cBK
999 _c3600
_d3600